| 000 | 00534nam a2200181 i 4500 | ||
|---|---|---|---|
| 001 | 78659 | ||
| 003 | ES-MaACL | ||
| 005 | 20230906173757.0 | ||
| 007 | t| | ||
| 008 | 041015s1979 sp ||||1| spa d | ||
| 100 | 1 |
_aHavemann, Robert. _962148 |
|
| 245 | 1 | 3 |
_aLa libertad como necesidad _b: escritos berlineses / _cRobert Havemann ; [versión de Ramiro Reig]. |
| 250 | _a[1ª ed.]. | ||
| 260 |
_aBarcelona : _bLaia, _c1979. |
||
| 300 |
_a285 p. ; _c19 cm. |
||
| 700 | 1 |
_aReig, Ramiro. _995996 |
|
| 852 |
_aES-MaACL _jA-10275 _bR.99603 |
||
| 999 |
_c78659 _d78659 |
||